书目信息 |
| 题名: |
体育教育实习指导
|
|
| 作者: | 本书编写组编 | |
| 分册: | ||
| 出版信息: | 北京 高等教育出版社 1998 |
|
| 页数: | 312页 | |
| 开本: | 20cm | |
| 丛书名: | ||
| 单 册: | ||
| 中图分类: | G807.04 | |
| 科图分类: | ||
| 主题词: | 体育理论 | |
| 电子资源: | ||
| ISBN: | 7-04-006579-7 | |
| 000 | 00544nam0 2200193 450 | |
| 001 | 0664029203 | |
| 005 | 20070719084241.29 | |
| 010 | @a7-04-006579-7@dCNY10.00 | |
| 100 | @a20060928d1998 km y0chiy0120 ea | |
| 101 | 0 | @achi |
| 102 | @aCN@b110000 | |
| 200 | 1 | @a体育教育实习指导@Ati yu jiao yu shi xi zhi dao@f本书编写组编@Fben shu bian xie zu bian |
| 210 | @a北京@c高等教育出版社@d1998 | |
| 215 | @a312页@d20cm | |
| 300 | @a高等学校教材 | |
| 606 | 0 | @a体育理论 |
| 690 | @aG807.04@v3 | |
| 801 | 0 | @aCN@bPFT@c20070719 |
| 905 | @a10447@dG807.04@e175 | |
| 体育教育实习指导/本书编写组编.-北京:高等教育出版社,1998 |
| 312页;20cm |
| 高等学校教材 |
| ISBN 7-04-006579-7:CNY10.00 |
| ● |
| 相关链接 |
|
|
|
|
正题名:体育教育实习指导
索取号:G807.04/175
 
预约/预借
| 序号 | 登录号 | 条形码 | 馆藏地/架位号 | 状态 | 备注 |
| 1 | 0493508 | 204935080 | 密集书库/ [索取号:G807.04/175] | 在馆 | |
| 2 | 0493509 | 204935099 | 密集书库/ [索取号:G807.04/175] | 在馆 | |
| 3 | 0493898 | 204938988 | 密集书库/ [索取号:G807.04/175] | 在馆 | |
| 4 | 0767180 | 207671802 | 密集书库/ [索取号:G807.04/175] | 在馆 |